000 02035nab a2200241 i 4500
001 768714001
003 CO-MdFUSB
005 20240527145907.0
008 240527t1975 sp ||||| |||| 00| 0 spa d
040 _bspa.
_cCO-MdFUSB
_dCO-MdFUSB
041 _aspa
100 _aFetscher, Iring,
_d1922-2014.
_eautor
245 _aVivir en la finitud
_c/ Iring Fetscher ; traducido por D. Romero
520 _aLa mayoría de nuestros contemporáneos pertenecientes a las naciones industrializadas del mundo occidental han perdido la fe en el más allá, en una supervivencia del alma después de la muerte física. En cuanto se escribe esa afirmación cae uno en la cuenta de lo discutible que resulta. Efectivamente, hay demasiados indicios de que muchas personas no pueden soportar la idea de una existencia finita y buscan ansiosamente la confirmación consoladora de que la realidad no sea así. Es grande la credulidad para aceptar toda clase de «mensajes» con tal de que se presenten con ropaje de «ciencia». Con frecuencia, los creyentes perdidos por las religiones cristianas han engrosado las filas de doctrinas criptorreligiosas y supersticiones. Sin embargo, el modo convulsivo con que se pretende olvidar e ignorar la muerte demuestra que es considerada o temida como un final definitivo del que uno preferiría no acordarse. La esperanza en el médico como persona capaz de alargar la vida ha suplantado la esperanza en el más allá. Ello explica la curiosidad insaciable con que se siguen los progresos de la medicina y el prestigio que rodea a esta profesión.
650 7 _aSecularización (Teología)
_96926
650 7 _aEscatología
_9213
650 0 _aInmortalidad (Filosofía)
_91095
653 _aDeseo de la inmortalidad
700 _aRomero, D.,
_etraductor
773 0 _049450
_982686
_oR2595
_tRevista internacional de teología Concilium
_w(CO-MdFUSB)8
_x0210-1041
_gVolumen 105, (mayo, 1975) páginas: 240 - 255
_qpáginas: 240
942 _cANA
945 _aCatherine Arias Álvarez - Practicante SENA
999 _c69931
_d69931